| 000 | 01233nam a2200229Ia 4500 | ||
|---|---|---|---|
| 003 | Ost | ||
| 005 | 20260507075409.0 | ||
| 008 | 260507s9999||||xx |||||||||||||| ||und|| | ||
| 040 | _cfsecg | ||
| 041 | _aara | ||
| 082 | _a330 | ||
| 100 |
_aعوض، السيد حنفى _eمؤلف |
||
| 245 | 0 |
_aالحركات النسائية العمالية وسوق العمل : _bالنزعة الراديكالية في تحديات الطبقة البورجوازية ونوع الجنس / _c السيد حنفى عوض |
|
| 260 |
_aالاسكندرية: _bالمكتب الجامعي الحديث, _c2010 |
||
| 300 |
_a273 صفحة؛ _bإيضاحات ؛ _c24 سم |
||
| 504 | _aالمراجع ص.263 | ||
| 520 | _aيضم الشواهد التاريخية، المشكلات الجتماعية ومطالب سوق العمل، قوى العمالة النسائية وسوق العمل، أساليب الهيمنة على العمالة النسائية، هجرة العمالة النسائية والعولمة، نوع الجنس وعلم الاجتماع النسوي | ||
| 653 | _aالحركات العمالية | ||
| 653 | _aالعمال النساء | ||
| 653 | _aالقوى العاملة- النساء | ||
| 942 | _cكتاب | ||
| 999 |
_c44356 _d44356 |
||